Lietuvos Statutas ir Lietuvos Didžiosios Kunigaikštystės bajoriškoji visuomenė

Titel: Lietuvos Statutas ir Lietuvos Didžiosios Kunigaikštystės bajoriškoji visuomenė : straipsnių rinkinys / sudarė Irena Valikonytė ir Lirija Steponavičienė
Beteiligt: ;
Veröffentlicht: Vilnius : Vilniaus universiteto leidykla, 2015
Umfang: 299 Seiten : Illustrationen
Format: Buch
Sprache: Litauisch
Schriftenreihe/
mehrbändiges Werk:
Specialusis "Lietuvos istorijos studijų" leidinys ; 12
Schlagworte:
ISBN: 9786094595103
Buchumschlag
X
alg: 46842724
001A    $03004:27-08-20 
001B    $01999:14-10-20 $t11:41:59.000 
001D    $03004:27-08-20 
001U    $0utf8 
001X    $00 
002@    $0Aau 
002C    $aText $btxt $2rdacontent 
002D    $aohne Hilfsmittel zu benutzen $bn $2rdamedia 
002E    $aBand $bnc $2rdacarrier 
003@    $0468427244 
003O    $0954133796 $aOCoLC 
004A    $A978-609-459-510-3 
007A    $0468427244 $aHEB 
007G    $0DE0203D60B0723BD22766C125860000432152 
009P    $qapplication/pdf $A2 $3Inhaltsverzeichnis $uhttp://scans.hebis.de/HEBCGI/show.pl?46842724_toc.pdf $mV:DE-603;B:DE-Mb50 
010@    $alit 
010E    $erda 
011@    $a2015 
013D    $#Beiträge Formschlagwort $#Einzelbeiträge $#Sammelwerk Formschlagwort $74143413-4 $8Aufsatzsammlung [Ts1] $9085562742 
021A    $aLietuvos Statutas ir Lietuvos Didžiosios Kunigaikštystės bajoriškoji visuomenė $dstraipsnių rinkinys $hsudarė Irena Valikonytė ir Lirija Steponavičienė 
028C    $BZusammenstellender $#Valikonite, I. $#Valikonite, Irena $#Valikonytė, I. $4com $71056132167 $8Valikonytė, Irena$Z1949- [Tp3] $9345853997 
028C    $BZusammenstellender $4com $7 $8Steponavičienė, Lirija [Tnu] $9437880699 
033A    $pVilnius $nVilniaus universiteto leidykla 
034D    $a299 Seiten 
034M    $aIllustrationen 
036E    $aSpecialusis "Lietuvos istorijos studijų" leidinys $l12 
044K    $#Rzeczpospolita Obojga Narodów $#Litauen Großfürstentum $#Lietuva bis 1795 $#Wielkie Księstwo Litewskie $#Velikoe Knjažestvo Litovskoe $#Vjalikae Knjastva Litoŭskae $#Grossfürstentum Litauen $74499060-1 $8Großfürstentum Litauen [Tg1] $9089174828 
044K    $ROberschicht $RWeiblicher Adel $RAristokratie $#Nobility $#Noblesse $#Nobiltà $#Nobleza $#Adel $#Adel $#Junker $#Junkertum $#Adliger $#Adeliger $#Adlige $#Uradel $74000464-8 $8Adel [Ts1] $9084991682 
044K    $#Law and legislation $#Law $#Jurisprudence $#Droit $#Derecho $#law $#Recht $#Recht $74048737-4 $8Recht [Tsz] $9085135747 
044K    $RKodifikation $#Gesetzbuch $74157093-5 $8Gesetzbuch [Ts1] $9085673900 
044K    $RPolitisches System $#Political culture $#Culture politique $#Cultura politica $#Cultura política $#Politische Kultur $#politische Kultur $74046540-8 $8Politische Kultur [Ts1] $9085129917 
044K    $RProzess $RGerichtsbarkeit $RRechtspflege $RGerichtsentscheidung $#Law Cases $#Jurisprudence $#Rechtsprechung $#Rechtsprechung $#Judikatur $#Spruchpraxis $74115710-2 $8Rechtsprechung [Ts1] $9085350869 
045F    $a909 $eDDC23BSB 
045F/01 $a909 
045F/03 $g4793 
045R    $aGeschichte 1385-1795 
046L    $aBeiträge teilweise litauisch, teilweise polnisch und teilweise russisch; Zusammenfassung in litauischer, englischer, deutscher und polnischer Sprache 

lok: 46842724 24

exp: 46842724 24 1 #EPN
201B/01 $027-08-20 $t14:51:26.000 
201C/01 $027-08-20 
201U/01 $0utf8 
203@/01 $0112025289X 
208@/01 $a27-08-20 $bz 
209A/01 $a20.03171 $du $f050 $h20 03171 $x00 
209A/01 $abest koe $x01 
209C/01 $a20.03171 K $h20 03171 K 
209G/01 $a73813565 $x00 
220C/01 $acer 
247C/01 $8358050-7 Marburg, Bibliothek des Herder-Instituts Marburg $9102600961 

lok: 46842724 78

exp: 46842724 78 1 #EPN
201B/01 $006-10-20 $t11:07:27.000 
201C/01 $006-10-20 
201U/01 $0utf8 
203@/01 $0112460331X 
208@/01 $a06-10-20 $be 
209A/01 $a/ $f000 $x00 
209A/01 $ab*p $x01 
220C/01 $apgar 
244Z/01 $#Generalgouvernement Polen $#Polska $#Rzeczpospolita Polska $#Polska Rzeczpospolita Ludowa $#Poland $#Pologne $#République Polonaise $#Generalne Gubernatorstwo w Polsce $#Polish People's Republic $#Polska Rzeczpospolita Polen $#PRL $#RP $#Polen Generalgouvernement $#Polska Generalgouvernement $#Besetzte Polnische Gebiete $#Besetztes Gebiet in Polen $#Okupowane Polskie Obszary $#Obszary Okupowane w Polsce $#Volksrepublik Polen $#Polska Rosyjska $#Republic Polen $#Respublika Pol'ša $#Pol'skaja Narodnaja Respublika $#République de Pologne $#Polen Links der Weichsel $#Polska po Lewej Stronie Wisły $#Lenkija $#Polija $#Gubernija Carstva Pol'skago $#Republik Polen $74046496-9 $8--Tg1--Polen $x01 $9085129801 
244Z/01 $#Litauen $#Litauen $#Lithuania $#Lietuvos Respublika $#République Lithuanienne $#Lithuanie $#Litva 1918 - 1940, 1991, 9 - $#Litovskaja Respublika $#Lithuania 1918 - 1940, 1991, 9 - $#Republik Litauen $#Republic of Lithuania $#Lithuanian Republic $#Litauische Republik $#Lietuva $74074266-0 $8--Tg1--Litauen $x02 $9085209074 
247C/01 $82080>Marburg/Lahn, Herder-Institut, Forschungsbibliothek, Bibliographieportal $9336309341
LEADER 00000cam a2200000 c 4500
001 468427244
003 DE-603
005 20201014114159.0
007 tu
008 200827s2015 xx |||| | u00||u|lit c
020 |a 9786094595103 
035 |a (DE-599)HEB468427244 
035 |a (OCoLC)954133796 
040 |a DE-603  |b ger  |c DE-603  |d DE-603  |e rda 
041 |a lit 
082 0 4 |8 1\u  |a 909  |q DE-101  |2 23/BSB 
085 |8 1\u  |b 909 
085 |8 1\u  |z 2  |s 4793 
245 0 0 |a Lietuvos Statutas ir Lietuvos Didžiosios Kunigaikštystės bajoriškoji visuomenė  |b straipsnių rinkinys  |c sudarė Irena Valikonytė ir Lirija Steponavičienė 
264 1 |a Vilnius  |b Vilniaus universiteto leidykla  |c 2015 
300 |a 299 Seiten  |b Illustrationen 
336 |a Text  |b txt  |2 rdacontent 
337 |a ohne Hilfsmittel zu benutzen  |b n  |2 rdamedia 
338 |a Band  |b nc  |2 rdacarrier 
490 0 |a Specialusis "Lietuvos istorijos studijų" leidinys  |v 12 
546 |a Beiträge teilweise litauisch, teilweise polnisch und teilweise russisch; Zusammenfassung in litauischer, englischer, deutscher und polnischer Sprache 
648 7 |a Geschichte 1385-1795  |2 gnd 
650 7 |a Adel  |0 (DE-588)4000464-8  |0 (DE-603)084991682  |2 gnd 
650 7 |a Recht  |0 (DE-588)4048737-4  |0 (DE-603)085135747  |2 gnd 
650 7 |a Gesetzbuch  |0 (DE-588)4157093-5  |0 (DE-603)085673900  |2 gnd 
650 7 |a Politische Kultur  |0 (DE-588)4046540-8  |0 (DE-603)085129917  |2 gnd 
650 7 |a Rechtsprechung  |0 (DE-588)4115710-2  |0 (DE-603)085350869  |2 gnd 
651 7 |a Großfürstentum Litauen  |0 (DE-588)4499060-1  |0 (DE-603)089174828  |2 gnd 
655 7 |a Aufsatzsammlung  |2 gnd-content  |0 (DE-588)4143413-4  |0 (DE-603)085562742 
700 1 |a Valikonytė, Irena  |d 1949-  |e Zusammenstellender  |4 com  |0 (DE-603)345853997  |0 (DE-588)1056132167  |2 gnd 
700 1 |a Steponavičienė, Lirija  |e Zusammenstellender  |4 com  |0 (DE-603)437880699 
856 4 2 |m V:DE-603;B:DE-Mb50  |q application/pdf  |u http://scans.hebis.de/HEBCGI/show.pl?46842724_toc.pdf  |3 Inhaltsverzeichnis 
924 0 |9 Mb 50  |a (DE-603)112025289X  |b DE-Mb50  |c HES  |d c  |g 20.03171 
924 0 |9 2080  |a (DE-603)112460331X  |b DE-2080  |c HES  |d d  |g /